000 00962cam a2200277 i 4500
001 8859
003 BD-RjUL
005 20211208234651.0
008 801209t19791980fr i000 0 eng
020 _a9231017551
035 _a(BD-RjUL)8904
040 _aDLC
_cDLC
_dDLC
_dBD-RjU
_beng
041 _aeng
082 0 0 _a370.95
_219
_bUNE 1980
110 2 _aUnesco.
_bRegional Office for Education in Asia and Oceania.
_9116331
245 1 0 _aEducation in Asia and Oceania :
_ba challenge for the 1980s /
_cUnesco. Regional Office for Education in Asia and Oceania.
260 _aParis :
_bUnesco ;
_cc1980.
300 _a60 p. :
_bIll. ;
_c30 cm.
650 0 _aEducation
_zAsia.
_999105
650 0 _aEducation
_zOceania.
_999106
830 _aEducational studies and documents :new series ; no. 38.
_9232983
942 _2ddc
_cDOC
999 _c8859
_d8859